| 000 | 01268nam a22003977a 4500 | ||
|---|---|---|---|
| 001 | BR0602667 | ||
| 003 | BR-BrBNA | ||
| 005 | 20230928102205.0 | ||
| 007 | ta | ||
| 008 | 230509b bl.||||| |||| 00| 0 por d | ||
| 020 | _aISBN 85-7383-318-1 | ||
| 040 |
_aBR-BrBNA _bpor _cBiblioteca Nacional de Agricultura |
||
| 041 | _a(Por) | ||
| 072 |
_aL01; L10; E70 _b5250 _b5240 |
||
| 090 | _ 5250 BR0602667 | ||
| 110 | 1 | _aEMBRAPA Caprinos, Sobral, CE (Brasil) | |
| 245 | 1 |
_aCaprinos e ovinos de corte; O produtor pergunta, a EMBRAPA responde _bColeção 500 perguntas, 500 respostas |
|
| 260 | 3 |
_aBrasília, DF (Brasil): _bEMBRAPA Informação Tecnológica, _c2005. |
|
| 300 | _a241 p. | ||
| 500 | _a50 illus. | ||
| 856 | 4 | 0 | _uhttp://www.infoteca.cnptia.embrapa.br/bitstream/doc/117241/1/500PCaprinoseOvinosdeCorteed012005.pdf |
| 650 | _aCAPRINO | ||
| 650 | _aOVINO | ||
| 650 | _aCAPRINOCULTURA | ||
| 650 | _aOVINOCULTURA | ||
| 650 | _aCOMERCIALIZAÇÃO | ||
| 650 | _aPRODUÇÃO ANIMAL | ||
| 650 | _aMELHORAMENTO GENÉTICO ANIMAL | ||
| 650 | _aREPRODUÇÃO ANIMAL | ||
| 650 | _aSANIDADE ANIMAL | ||
| 650 | _aRECURSO GENÉTICO | ||
| 650 | _aNUTRIÇÃO ANIMAL | ||
| 650 | _aPROCESSAMENTO | ||
| 909 |
_a202309 _bLucia _c55 _dLucia Elande |
||
| 942 | _cBK | ||
| 999 |
_c69567 _d69567 |
||